<?xml version="1.0" encoding="UTF-8"?>
<record
    xmlns:xsi="http://www.w3.org/2001/XMLSchema-instance"
    xsi:schemaLocation="http://www.loc.gov/MARC21/slim http://www.loc.gov/standards/marcxml/schema/MARC21slim.xsd"
    xmlns="http://www.loc.gov/MARC21/slim">

  <leader>00916cam6a220021700 4500</leader>
  <controlfield tag="001">tmp15217353</controlfield>
  <controlfield tag="003">UPRA</controlfield>
  <controlfield tag="005">20190815100844.0</controlfield>
  <controlfield tag="008">950717s1921    enk                 eng u</controlfield>
  <datafield tag="035" ind1=" " ind2=" ">
    <subfield code="a">(Sirsi) r76608</subfield>
  </datafield>
  <datafield tag="035" ind1=" " ind2=" ">
    <subfield code="a">(UPRA)tmp15217353</subfield>
  </datafield>
  <datafield tag="040" ind1=" " ind2=" ">
    <subfield code="c">UPRA</subfield>
  </datafield>
  <datafield tag="050" ind1=" " ind2="0">
    <subfield code="a">DA 687.G7 War 1921</subfield>
  </datafield>
  <datafield tag="245" ind1="0" ind2="4">
    <subfield code="a">The War book of Gray's Inn :</subfield>
    <subfield code="b">containing names of members who served, with biographical notices of those who fell : speeches in Hall on various occasions : and introduction descriptive of the activities of the Society during the war /</subfield>
    <subfield code="c">with a preface by the Right Hon. the Viscount Birkenhead.</subfield>
  </datafield>
  <datafield tag="260" ind1=" " ind2=" ">
    <subfield code="a">Suffolk :</subfield>
    <subfield code="b">Butterworth,</subfield>
    <subfield code="c">1921.</subfield>
  </datafield>
  <datafield tag="500" ind1=" " ind2=" ">
    <subfield code="a">Comp. and published by order of the Masters of the Bench.</subfield>
  </datafield>
  <datafield tag="504" ind1=" " ind2=" ">
    <subfield code="a">Bibliography: p. 131-145.</subfield>
  </datafield>
  <datafield tag="650" ind1=" " ind2="0">
    <subfield code="a">Gray's Inn.</subfield>
    <subfield code="6">S28776.1</subfield>
  </datafield>
  <datafield tag="949" ind1=" " ind2=" ">
    <subfield code="a">DA 687.G7 War 1921</subfield>
    <subfield code="w">lcc</subfield>
    <subfield code="c"> 1</subfield>
    <subfield code="i">33729000059357</subfield>
    <subfield code="m">MAIN</subfield>
    <subfield code="p">2500</subfield>
    <subfield code="t">BOOK</subfield>
    <subfield code="l">ON-SHELF</subfield>
  </datafield>
  <controlfield tag="004">76608</controlfield>
  <datafield tag="999" ind1=" " ind2=" ">
    <subfield code="c">62173</subfield>
    <subfield code="d">62173</subfield>
  </datafield>
</record>
